Myths and Legends Grab Bag Quiz Stats

 Plays Quiz Updated Dec 5, 2016

Support Sporcle.
Go Orange.
Score 0/20 Timer 05:00
4 Plays Today
Myth/Legend Answer % Correct
Medusa Snakes
94.9%
Medusa Stone
94.1%
Robin Hood The rich
91.9%
The Trojan WarHorse
91.4%
The Founding of Rome Romulus & Remus
89.8%
King ArthurThe Round Table
89.8%
King ArthurMerlin
88%
The Founding of Rome She-wolf
87.8%
The Trojan WarTroy
82.9%
King ArthurExcalibur
81.5%
Myth/Legend Answer % Correct
Robin Hood The Merry Men
77.9%
Robin Hood Sherwood Forest
75.7%
The Trojan WarParis
68.2%
Medusa Perseus
56.6%
The Founding of Rome The Tiber
54.2%
Lady GodivaTaxes
53.7%
Lady GodivaTom
26.9%
Lady GodivaCoventry
24.5%
King ArthurThe Saxons
22.3%
The Founding of Rome Palatine Hill
19.5%

You're not logged in!

Compare scores with friends on all Sporcle quizzes.
OR
Log In

From the Vault

Spelling with Celebrities

by bhenderson79

Don't worry, you don't actually have to spell 'Schwarzenegger' in this quiz.
Remove Ads.
Support Sporcle.
Get the best of Sporcle when you Go Orange. This ad-free experience offers more features, more stats, and more fun while also helping to support Sporcle. Thank you for becoming a member.

Show Comments

Extras

Top Quizzes Today


Score Distribution

Your Account Isn't Verified!

In order to create a playlist on Sporcle, you need to verify the email address you used during registration. Go to your Sporcle Settings to finish the process.

Report this User

Report this user for behavior that violates our Community Guidelines.

Details: